Parks und Grünanlagen Trier - Statistiken

Allgemein
  • Dieses Quiz wurde 17 mal gespielt
  • Das Durchschnittsergebnis liegt bei 6 aus 19
Antwortstatistiken
Stadtteil Park/Grünanlage % Korrekt
Trier Nord Nells Ländchen
83%
Mitte/Gartenfeld Palastgarten
75%
Heiligkreuz Mattheiser Weiher
67%
Kürenz Schlosspark
50%
Trier Nord Moselufer
42%
Euren Schloss Monaise
42%
Kürenz Garten der Freundschaft(Chinesischer Garten)
33%
Kürenz Petrispark
33%
Kürenz Gärten der Partnerstädte
25%
Trier West/Pallien Weißhauswald
25%
Mitte/Gartenfeld Alleen Ring Nord
17%
Mitte/Gartenfeld Alleen Ring Ost
17%
Mitte/Gartenfeld Alleen Ring Süd
17%
Feyen Grafschafter Stadtgarten
8%
Mitte/Gartenfeld Rautenstrauchpark
8%
Mitte/Gartenfeld Schießgraben
8%
Heiligkreuz Aulbachweiher
0%
Trier Süd Neuerburgpark
0%
Trier West/Pallien Weidendom
0%
Keine übereinstimmenden Quizze gefunden
Verteilung der Resultate
Anzahl Personen mit jedem Resultat
Perzentil nach korrekt beantworteten Fragen
Ihre Resultats-Entwicklung
Sie haben dieses Quiz noch nicht gespielt